000 00522nam a2200181Ia 4500
005 20250508161004.0
008 008 250505s9999 xx 000 0 hin d
037 _aTextual
040 _aFEDL
_beng
_cFEDL
041 _ahin
_2eng
084 _a491.420 7, RAS
_qFEDL
100 _aRastogi Krishna Gopal
_9769576
245 0 _aHindi Kriyaon ka arthparak adhyayan
260 _aDelhi, India
_bArchana Prakashan
_c1973
300 _a508p
942 _cTEXL
_h491.420 7, RAS
999 _c1367793
_d1367793